| 000 | 01334nam0a2200313 4500 | ||
|---|---|---|---|
| 001 | RU\NLR\bibl\142691 | ||
| 005 | 20250618045144.0 | ||
| 010 | _a5-7709-0102-0 | ||
| 021 |
_aRU _b98-3297 _9101 |
||
| 035 | _a(NLR Aleph) 000139788 | ||
| 090 |
_a799881 _c799881 |
||
| 100 | _a20010323d1998 |||y0rusy50 ca | ||
| 101 | 1 | _arus | |
| 102 | _aRU | ||
| 105 | _ay ||||||||| | ||
| 200 | 1 |
_aНалог на прибыль _eНормат. документы, коммент. и ответы на вопр. |
|
| 210 |
_aМ. _cМеждунар. центр фин.-экон. развития _d1998 |
||
| 215 |
_a63,[1] с. _d21 |
||
| 225 | 1 |
_aБиблиотека журнала "Консультант" _vN 4-97 |
|
| 606 | 0 |
_aНалог на прибыль _jНормативные и руководящие материалы _xПравовые вопросы _yРоссийская Федерация _92136192 _3RU\NLR\auth\661288101 |
|
| 606 | 0 |
_aНалог на прибыль _jНормативные документы _xПравовые вопросы _yРоссийская Федерация _92136192 _3RU\NLR\auth\661288101 |
|
| 686 | _aУ26(2)141.387я8 | ||
| 686 | _aХ622.219.2 | ||
| 801 | 0 |
_aRU _bNLR _c20010323 _gPSBO |
|
| 801 | 1 |
_aRU _bNLR _c20010323 |
|
| 852 |
_aNLR _j2000-4/5153 |
||
| 942 | _cBOOK | ||
| 980 | _aNB | ||